00608nam a2200193Ia 450000500170000000800410001702000130005804000190007104100120009008200200010224501050012226000480022730000230027550400190029865000180031765100460033570000230038185000100040420230313094058.0131103s9999 xx 000 0 und d a52124682 aLoreto College aEnglish a822.33bSHA-MUI aShakespeare surveyb an annual survey of Shakespearian study and production cEdited by Kenneth Muir aCambridgebCambridge University Pressc1974 aV.27b ill.,plates aIncludes index aEnglish Drama aShakespeare,William - Othello - Criticism aMuir, Kenneth; ed. aLCLIB